000 00669nam a22002057a 4500
010 _aENG-120321
020 _a9789350733684
_c350.00
035 _aEN-103853
037 _bDBAD/PUB
082 _a332
100 _aPadmini Prasad
245 _aThe incredible journey of microfinance :
_cby Padmini Prasad , Jyoti Prasad [and] Avani pratap
_bBangladesh to Bihar /
260 _aDelhi
_bEducational Publishing House
_c2014
270 _a3191, Vakil Street, Kucha pandit,Lal Kuan,
_bDelhi
_e110006
300 _axvii,237p.:
_c26cm(Hb).
_bill.
505 _a
700 _aJyoti Prasad,
700 _a Avani Pratap
942 _2ddc
_cEN
_h332
_mPAD
999 _c144080
_d144080